[Event "ICS rated blitz match"]
[Site "204.178.125.65"]
[Date "1999.10.29"]
[Round "?"]
[White "inmichess"]
[Black "Hossa"]
[Result "1-0"]
[WhiteElo "2474"]
[BlackElo "2436"]
[PlyCount "141"]
[EventDate "1999.??.??"]

1. e4 c5 2. f4 e5 3. d3 Nc6 4. fxe5 Nxe5 5. Nc3 Ne7 6. Nf3 Nxf3+ 7. Qxf3 Nc6 8.
Be3 Ne5 9. Qg3 Ng6 10. Nd5 d6 11. Bxc5 Be6 12. Bb4 Bxd5 13. exd5 Be7 14. O-O-O
a5 15. Bd2 O-O 16. d4 a4 17. Bb5 a3 18. bxa3 Qb6 19. Qd3 Rfc8 20. Rhe1 Bf6 21.
Be3 Qa5 22. a4 Rc3 23. Qe2 Rac8 24. Rd2 Qb4 25. g3 Qa3+ 26. Kd1 Qxa2 27. Qf2
Qxd5 28. Rde2 Qa2 29. Bc1 Nf8 30. Qf5 Qb1 31. Rf2 R8c7 32. Re8 Bxd4 33. Qd5 Bc5
34. Rfe2 g6 35. Rxf8+ Kg7 36. Rfe8 Be3 37. R8xe3 Rxc2 38. Rxc2 Qxc2+ 39. Ke1
Qxc1+ 40. Kf2 Qc5 41. Qe4 d5 42. Qe8 d4 43. Re5 Qc2+ 44. Re2 Qf5+ 45. Kg2 d3
46. Qe5+ Qxe5 47. Rxe5 d2 48. Rd5 Rc2 49. Kf3 h6 50. Ke3 d1=Q 51. Rxd1 Rxh2 52.
Rd7 b6 53. Bc4 Kf6 54. Rd6+ Kg7 55. Rxb6 Rg2 56. Kf3 Rc2 57. Bb3 Rc7 58. a5 f5
59. a6 Rc3+ 60. Kf4 g5+ 61. Kxf5 Rf3+ 62. Ke5 Rxg3 63. a7 Re3+ 64. Kd4 Re8 65.
Rb8 Re2 66. a8=Q Rd2+ 67. Ke3 Kf6 68. Qa6+ Rd6 69. Qxd6+ Kg7 70. Qe7+ Kg6 71.
Qf7# {Hossa checkmated} 1-0

[Event "ICS rated blitz match"]
[Site "204.178.125.65"]
[Date "1999.10.30"]
[Round "?"]
[White "Hossa"]
[Black "Varguz"]
[Result "0-1"]
[WhiteElo "2441"]
[BlackElo "2822"]
[PlyCount "133"]
[EventDate "1999.??.??"]

1. e4 e5 2. Nf3 Nc6 3. Bb5 a6 4. Bxc6 dxc6 5. O-O f6 6. d4 Bg4 7. c3 Bd6 8.
Nbd2 Nh6 9. dxe5 fxe5 10. Nc4 Nf7 11. Na5 Rb8 12. Be3 Qf6 13. h3 Bxf3 14. Qxf3
Qxf3 15. gxf3 O-O 16. Rad1 Nd8 17. Kg2 Rf6 18. Rg1 c5 19. Nc4 b5 20. Nxd6 cxd6
21. Rd5 Nb7 22. Bg5 Re6 23. Kf1 Rf8 24. Rg3 Rf7 25. Ke2 Na5 26. b3 Nc6 27. h4
a5 28. h5 b4 29. Bd2 Kf8 30. Kf1 Ref6 31. Bg5 bxc3 32. Bxf6 c2 33. Bg5 Rf4 34.
Rxd6 c1=Q+ 35. Kg2 h6 36. Bxf4 exf4 37. Rg4 Ne5 38. Rh4 Ke7 39. Rd5 Kf6 40. Rd8
Kg5 41. Rh3 Qc2 42. Rd5 ({-3.26 Hiarcs 7.32:} 42. Rd6 42... g6 {-2.26/8}) 42...
Kf6 43. Rh4 Nd3 44. Rxd3 Qxd3 45. Rxf4+ Ke6 46. Rg4 Qd4 47. Rg6+ Kf7 48. Ra6
Qd2 49. a3 Qg5+ 50. Kf1 Qc1+ 51. Kg2 Qxa3 52. Ra7+ Kf6 53. f4 Qxb3 54. Ra6+ ({
-7.52 Hiarcs 7.32:} 54. Rxa5 54... Qc4 55. Kg1 Ke6 56. Kh2 Qxe4 57. Rxc5 Qxf4+
58. Kg2 Qg4+ 59. Kf1 {-5.74/9}) 54... Qe6 55. e5+ Kf5 56. Rxe6 ({
-11.99 Hiarcs 7.32:} 56. Rxa5 56... Qd5+ 57. Kg3 Qd4 58. Kg2 Kxf4 59. e6 Qd5+
60. Kg1 Qxh5 61. Ra4+ Ke5 62. Ra6 Qg4+ 63. Kh2 {-7.52/10}) 56... Kxe6 57. Kf3
a4 58. Ke4 a3 59. f5+ Ke7 60. Kd5 a2 61. f4 a1=Q 62. Ke4 Qd4+ 63. Kf3 c4 64.
Kg3 ({-#8 Hiarcs 7.32:} 64. f6+ 64... gxf6 65. exf6+ Kxf6 66. Ke2 Qxf4 67. Kd1
{-24.88/8}) 64... c3 65. Kg4 c2 66. f6+ gxf6 67. exf6+ {Hossa resigns} 0-1

[Event "ICS rated blitz match"]
[Site "204.178.125.65"]
[Date "1999.10.30"]
[Round "?"]
[White "Varguz"]
[Black "Hossa"]
[Result "1-0"]
[WhiteElo "2825"]
[BlackElo "2438"]
[PlyCount "108"]
[EventDate "1999.??.??"]

1. e4 e5 2. Nf3 Nc6 3. Bb5 a6 4. Ba4 d6 5. O-O Bd7 6. d4 exd4 7. Nxd4 Be7 8.
Nxc6 bxc6 9. c4 Nf6 10. Nc3 O-O 11. h3 Rb8 12. Bf4 Rxb2 13. Bb3 Qb8 14. Bc1
Rxb3 15. axb3 Bc8 16. Bf4 Re8 17. Qb1 a5 18. Qc2 Qb6 19. Be3 c5 20. Rfd1 Bb7
21. Bd2 c6 22. Bf4 Rd8 23. Na4 Qa7 24. e5 dxe5 25. Rxd8+ Bxd8 26. Bxe5 Bc8 27.
Re1 Be6 28. Bxf6 Bxf6 29. Qe4 Be7 30. Qxc6 Bf8 31. Rd1 Qe7 32. Qa8 Qg5 33. g4
Qe7 34. Rd8 f5 35. Re8 Qd6 36. Nxc5 Qxc5 37. Rxe6 fxg4 38. hxg4 a4 39. bxa4
Qxc4 40. Re4 Qf7 41. Re8 g6 42. g5 Qf5 43. Rxf8+ Qxf8 44. Qxf8+ Kxf8 45. a5 Ke7
46. a6 Ke6 47. f4 Kf5 48. a7 Kxf4 49. a8=Q Kxg5 50. Qf8 Kh5 51. Kf2 Kg5 52. Kf3
Kh5 53. Qe7 h6 54. Kg3 54... g5 {Hossa resigns} 1-0

[Event "ICS rated blitz match"]
[Site "204.178.125.65"]
[Date "1999.10.30"]
[Round "?"]
[White "Hossa"]
[Black "RandomRuffian"]
[Result "1-0"]
[WhiteElo "2435"]
[BlackElo "2237"]
[PlyCount "95"]
[EventDate "1999.??.??"]

1. e4 c5 2. f4 Nc6 3. Nc3 e6 4. Nf3 g6 5. d4 cxd4 6. Nxd4 d6 7. Bb5 Bd7 8. Ba4
a6 9. O-O Bg7 10. Be3 Nge7 11. Nxc6 Bxc6 12. Bd4 Kf8 13. Bb3 Nc8 14. Bxg7+ Kxg7
15. Qd4+ Kg8 16. Rad1 Qe7 17. Rd2 h6 18. Rd3 Rh7 19. Rh3 Rb8 20. Rd1 Ra8 21.
Re1 Rb8 22. Ree3 Ra8 23. Re2 Rb8 24. f5 e5 25. Qf2 g5 26. f6 Qe8 27. Rd3 Kh8
28. Red2 Qd7 29. Rg3 Ra8 30. Rdd3 Rb8 31. Rd1 Ra8 32. Rgd3 Rb8 33. Re3 Qc7 34.
Qe2 Ra8 35. Rdd3 Rb8 36. Rd2 Ra8 37. Qf2 Rb8 38. Rdd3 Ra8 39. Qg3 b6 40. Bd5
Ra7 41. Bxc6 Qxc6 42. Qxe5 Qd7 43. Qg3 Qe8 44. e5 dxe5 45. Qxe5 Qg8 46. Rd8
Qxd8 47. Qe8+ Qxe8 48. Rxe8# {RandomRuffian checkmated} 1-0

[Event "ICS rated blitz match"]
[Site "204.178.125.65"]
[Date "1999.10.30"]
[Round "?"]
[White "RandomRuffian"]
[Black "Hossa"]
[Result "0-1"]
[WhiteElo "2229"]
[BlackElo "2443"]
[PlyCount "40"]
[EventDate "1999.??.??"]

1. d4 d5 2. Nf3 Bd7 3. Bf4 e6 4. e3 c5 5. c3 Be7 6. h3 Nf6 7. Bd3 Nc6 8. Nbd2
cxd4 9. exd4 O-O 10. O-O Rc8 11. Ne5 Be8 12. Re1 a5 13. Ndf3 Nxe5 14. Nxe5 a4
15. a3 Qb6 16. Qd2 Bb5 17. Bc2 Bd6 18. Re3 Nh5 19. Bh2 f6 20. Qe2 20... Bxe2 {
RandomRuffian resigns} 0-1

[Event "ICS rated blitz match"]
[Site "204.178.125.65"]
[Date "1999.10.30"]
[Round "?"]
[White "Hossa"]
[Black "RandomRuffian"]
[Result "1-0"]
[WhiteElo "2450"]
[BlackElo "2222"]
[PlyCount "95"]
[EventDate "1999.??.??"]

1. e4 d5 2. exd5 Qxd5 3. Nc3 Qa5 4. d4 Bf5 5. Bb5+ c6 6. Bc4 e6 7. Nge2 Nf6 8.
O-O Bd6 9. Bf4 Qc7 10. Bxd6 Qxd6 11. Ng3 Bg6 12. Qd2 O-O 13. Rfe1 Nbd7 14. Rad1
Nd5 15. Nce4 Qf4 16. Bxd5 Qxd2 17. Rxd2 cxd5 18. Nd6 b6 19. Ne2 Nf6 20. Nc3 a6
21. Na4 Rab8 22. c4 dxc4 23. f3 Rfd8 24. Ne4 Bxe4 25. fxe4 Kf8 26. Kf2 b5 27.
Nc5 Rb6 28. Ke2 Nd7 29. Red1 Rc6 30. d5 Rxc5 31. dxe6 fxe6 32. Rxd7 Rxd7 33.
Rxd7 Rc6 34. g4 Rb6 35. h4 Rc6 36. h5 Rb6 37. Ke3 h6 38. Kd4 a5 39. Kc5 Rb8 40.
Ra7 a4 41. Ra5 b4 42. Kxc4 a3 43. bxa3 bxa3 44. Rxa3 Rc8+ 45. Kd4 Rc1 46. Ke5
Rg1 47. Kxe6 Rxg4 48. Ra8# {RandomRuffian checkmated} 1-0

[Event "ICS rated blitz match"]
[Site "204.178.125.65"]
[Date "1999.10.30"]
[Round "?"]
[White "RandomRuffian"]
[Black "Hossa"]
[Result "0-1"]
[WhiteElo "2215"]
[BlackElo "2457"]
[PlyCount "146"]
[EventDate "1999.??.??"]

1. d4 d5 2. Nf3 Bd7 3. e3 Nf6 4. Be2 e6 5. O-O Bd6 6. Nbd2 c5 7. b3 cxd4 8.
exd4 O-O 9. Bb2 Nc6 10. c3 Re8 11. Bd3 e5 12. dxe5 Nxe5 13. Nxe5 Bxe5 14. Nf3
Bg4 15. Be2 Bf4 16. h3 Be6 17. Nd4 Ne4 18. Bf3 Bc8 19. Ne2 Bg5 20. c4 dxc4 21.
Qxd8 Bxd8 22. Bxe4 Rxe4 23. Ng3 Re7 24. bxc4 Be6 25. Rac1 Rc8 26. Ba3 Rd7 27.
c5 Rd2 28. Ne4 Rxa2 29. Nd6 Rxa3 30. Nxc8 Bxc8 31. Rfd1 Bf6 32. c6 h5 33. c7
Kh7 34. Rd8 Be6 35. c8=Q Bxc8 36. Rdxc8 Be5 37. Rf8 Kg6 38. Re8 Kf6 39. Re1 Ra5
40. Rc8 Rd5 41. Rc2 g5 42. Rce2 a5 43. Rb1 b5 44. Ra2 a4 45. g3 Ke6 46. Kg2 f5
47. Kf3 Kd6 48. g4 fxg4+ 49. hxg4 h4 50. Ke4 Ke6 51. Kf3 h3 52. Ke2 Rc5 53. Kf1
h2 54. Kg2 Rd5 55. Re2 Kf6 56. Ra2 Rd4 57. Re2 Rxg4+ 58. Kh1 b4 59. f3 Rf4 60.
Rxe5 Kxe5 61. Kxh2 a3 62. Re1+ Kf5 63. Rc1 Rxf3 64. Rc5+ Kg4 65. Rb5 a2 66.
Rxb4+ Rf4 67. Rb2 a1=Q 68. Rg2+ Kh4 69. Rd2 Qf1 70. Rg2 Qxg2+ 71. Kxg2 Kg4 72.
Kg1 Kh3 73. Kh1 73... Rf1# {RandomRuffian checkmated} 0-1

[Event "ICS rated blitz match"]
[Site "204.178.125.65"]
[Date "1999.10.30"]
[Round "?"]
[White "Hossa"]
[Black "TheTao"]
[Result "1-0"]
[WhiteElo "2463"]
[BlackElo "2200"]
[PlyCount "165"]
[EventDate "1999.??.??"]

1. e4 Nc6 2. d4 d5 3. Nc3 e6 4. Nf3 Bb4 5. Bd3 Nf6 6. Bg5 h6 7. Bxf6 Qxf6 8. a3
Bxc3+ 9. bxc3 dxe4 10. Bxe4 Bd7 11. Rb1 Qf4 12. Bd3 O-O-O 13. O-O e5 14. g3 Qf6
15. Nxe5 Nxe5 16. dxe5 Qxe5 17. Qf3 c6 18. Qxf7 Qxc3 19. Rb3 Qd4 20. Rb4 Qc3
21. Rc4 Qb2 22. c3 g5 23. Qe7 Rhe8 24. Qd6 Rf8 25. Qxh6 Qxa3 26. Be4 Qa2 27.
Rd4 Qb2 28. Rd3 Rfe8 29. Bg6 Re2 30. Qxg5 Qb6 31. Qh5 Rb2 32. Qh7 Rb1 33. Re3
Rxf1+ 34. Kxf1 Qa5 35. Kg1 Qa3 36. h3 Qa1+ 37. Kg2 Qc1 38. Qg7 c5 39. Re7 Qd2
40. Be4 Kc7 41. h4 b5 42. Qf6 Qd6 43. Qg5 Kb6 44. f3 Qd1 45. Qh6+ Ka5 46. Qe3
Qd6 47. Rg7 Qf8 48. Qg5 Kb6 49. Qe5 b4 50. cxb4 Kb5 51. bxc5 Qxc5 52. Qb2+ Kc4
53. Qc2+ Kb4 54. Qb1+ Ka3 55. Qd3+ Kb2 56. Qd2+ Kb3 57. Rxd7 Rxd7 58. Qxd7 Qe3
59. Kh3 Kb4 60. Qe7+ Qc5 61. Qb7+ Qb6 62. Qg7 Qf2 63. Qf8+ Qc5 64. Qb8+ Ka3 65.
g4 Qb6 66. Qxb6 axb6 67. h5 b5 68. h6 b4 69. h7 b3 70. h8=Q Ka2 71. Bb1+ Kxb1
72. Qc3 b2 73. Qxb2+ Kxb2 74. f4 Kc3 75. f5 Kd4 76. f6 Ke5 77. f7 Kf6 78. f8=Q+
Kg6 79. Qe7 Kh6 80. Kh4 Kg6 81. Kg3 Kh6 82. Qf7 Kg5 83. Qg7# {TheTao checkmated
} 1-0

[Event "ICS rated blitz match"]
[Site "204.178.125.65"]
[Date "1999.10.30"]
[Round "?"]
[White "TheTao"]
[Black "Hossa"]
[Result "1-0"]
[WhiteElo "2131"]
[BlackElo "2463"]
[PlyCount "64"]
[EventDate "1999.??.??"]

1. c4 b6 2. Nc3 e5 3. d4 exd4 4. Qxd4 Nc6 5. Qe4+ Nge7 6. g4 Bb7 7. Bg2 Na5 8.
Nd5 c6 9. Nf4 a6 10. Nf3 d5 11. cxd5 cxd5 12. Qd3 Nac6 13. Bd2 Bc8 14. h3 a5
15. Rc1 Ba6 16. Qe3 Rc8 17. Ng5 Bc4 18. Rxc4 dxc4 19. Bd5 f6 20. Bf7+ Kd7 21.
Nge6 Nf5 22. gxf5 Bc5 23. Nxc5+ bxc5 24. Qxc5 c3 25. Bxc3 Rc7 26. Ne6 Qa8 27.
Nxc7 Kxc7 28. Rg1 g5 29. Bxf6 Rc8 30. Bxg5 Kb7 31. Qb5+ Kc7 32. Bf4+ 32... Kd8
{Hossa resigns} 1-0

[Event "ICS rated blitz match"]
[Site "204.178.125.65"]
[Date "1999.10.30"]
[Round "?"]
[White "Hossa"]
[Black "k64"]
[Result "1-0"]
[WhiteElo "2460"]
[BlackElo "2127"]
[PlyCount "83"]
[EventDate "1999.??.??"]

1. c4 e5 2. Nc3 Bb4 3. g3 Bxc3 4. bxc3 e4 5. Bg2 Nf6 6. f3 Qe7 7. fxe4 Nxe4 8.
d3 Nc5 9. Nf3 O-O 10. O-O d6 11. e4 Nc6 12. Bg5 f6 13. Be3 Bg4 14. Qb1 b6 15.
Bxc5 dxc5 16. Ne1 Rad8 17. Qc2 Qe6 18. Rb1 Rf7 19. Rf4 Rfd7 20. a3 Bh3 21. Bxh3
Qxh3 22. Rh4 Qe6 23. Qa4 a5 24. Qc2 Ne5 25. Rd1 Nxc4 26. Qa2 b5 27. Rf4 c6 28.
a4 Rd6 29. axb5 cxb5 30. Rb1 Ne5 31. Qxe6+ Rxe6 32. Rxb5 Nxd3 33. Nxd3 Rxd3 34.
Rxc5 Ra6 35. Rc8+ Kf7 36. Rc7+ Kf8 37. e5 a4 38. exf6 gxf6 39. Rb4 Rd8 40. Rxh7
a3 41. Rh8+ Ke7 42. Re4+ {k64 resigns} 1-0

[Event "ICS rated blitz match"]
[Site "204.178.125.65"]
[Date "1999.10.30"]
[Round "?"]
[White "TheTao"]
[Black "Hossa"]
[Result "0-1"]
[WhiteElo "2374"]
[BlackElo "2464"]
[PlyCount "144"]
[EventDate "1999.??.??"]

1. Nc3 d5 2. d4 Bf5 3. e3 Nc6 4. Bd3 Bxd3 5. Qxd3 e6 6. Nf3 Nf6 7. O-O Be7 8.
Bd2 O-O 9. a3 Qd7 10. Rfe1 Rad8 11. h3 a6 12. Rab1 b5 13. Red1 Rfe8 14. Ne5 Qd6
15. f4 Ra8 16. Rdc1 Rad8 17. Ra1 Rc8 18. a4 b4 19. Na2 Ne4 20. Nxc6 Qxc6 21.
Bxb4 Bh4 22. b3 Bf2+ 23. Kf1 Rb8 24. c4 Qb7 25. c5 Bg3 26. c6 Qa7 27. Ba5 Rec8
28. Nb4 Ra8 29. Ra2 Bh2 30. Ke2 Kh8 31. Kd1 Bg3 32. Rcc2 Bh4 33. f5 Be7 34.
fxe6 fxe6 35. Qe2 Bxb4 36. Bxb4 Qb6 37. Be1 Rf8 38. b4 Rf7 39. a5 Qb8 40. Rab2
Qf8 41. Qg4 Rf1 42. Qxe6 Rh1 43. Qg4 Qf1 44. Qe2 Rf8 45. Rc1 Nf2+ 46. Kd2 Qxg2
47. Kc3 Ne4+ 48. Kb3 Qxh3 49. Ka3 Rf3 50. Rb3 Qf1 51. Qxf1 Rfxf1 52. b5 axb5
53. Rxb5 g5 54. a6 Rxe1 55. a7 Rxc1 56. a8=Q+ Kg7 57. Qb7 Ra1+ 58. Kb3 Kg6 59.
Qb8 Rhb1+ 60. Kc2 Rc1+ 61. Kb2 Rab1+ 62. Ka3 Rxb5 63. Qxb5 Ra1+ 64. Kb4 Rb1+
65. Ka3 Rxb5 66. Ka4 Nc3+ 67. Ka3 Kf5 68. e4+ dxe4 69. d5 Ke5 70. d6 Kd5 71.
dxc7 Kc4 72. c8=Q 72... Rb3# {TheTao checkmated} 0-1

[Event "ICS rated blitz match"]
[Site "204.178.125.65"]
[Date "1999.10.30"]
[Round "?"]
[White "Hossa"]
[Black "leskovar"]
[Result "1-0"]
[WhiteElo "2466"]
[BlackElo "2321"]
[PlyCount "89"]
[EventDate "1999.??.??"]

1. c4 g6 2. g3 Bg7 3. Bg2 d6 4. d4 Nd7 5. e4 e5 6. Ne2 Ne7 7. O-O O-O 8. f3
exd4 9. Nxd4 Nc6 10. Be3 Nde5 11. Nxc6 bxc6 12. Na3 c5 13. Qd2 Rb8 14. b3 Nc6
15. Bh6 Bxa1 16. Rxa1 Re8 17. Nb5 a6 18. Qb2 f6 19. Na3 Be6 20. Qc3 Bf7 21. Qe3
Qe7 22. Nc2 Qe5 23. Rd1 a5 24. Qc1 Nb4 25. Nxb4 axb4 26. Rd3 Ra8 27. Bf4 Qe7
28. Bh6 Ra7 29. Qa1 Rea8 30. a4 bxa3 31. f4 a2 32. Rd2 Ra3 33. Rb2 R8a7 34. Bh1
Be8 35. b4 cxb4 36. Rxb4 c5 37. Rb2 Bc6 38. Rb8+ Kf7 39. Rh8 Ke6 40. Bg2 Kd7
41. Bh3+ Kc7 42. Rc8+ Kb7 43. Qb2+ Ka6 44. Rxc6+ Ka5 45. Qxa3# {
leskovar checkmated} 1-0

[Event "ICS rated blitz match"]
[Site "204.178.125.65"]
[Date "1999.10.30"]
[Round "?"]
[White "Hossa"]
[Black "cipolletti"]
[Result "1-0"]
[WhiteElo "2481"]
[BlackElo "2189"]
[Annotator "Hiarcs 7.32 (22s)"]
[PlyCount "30"]
[EventDate "1999.??.??"]

1. c4 Nf6 2. Nc3 2... e6 {Deckt d5} 3. e4 3... Bb4 $14 (3... Nc6 $5 $11 {
ist eine gute Alternative}) 4. e5 4... Bxc3 $16 (4... Ng8 $5 $14 {
ist bedenkenswert}) 5. bxc3 (5. dxc3 $5 5... Ng8 $16) 5... Ng8 6. Qg4 g6 7. d4
h5 8. Qg5 Qxg5 9. Bxg5 c5 (9... d6 10. Nf3 $16) 10. Bd3 b6 11. Ne2 (11. Nf3
11... Bb7 $16) 11... Nc6 12. f4 Ba6 (12... h4 13. O-O $16) 13. dxc5 $1 {
zementiert den Vorteil} 13... bxc5 $18 (13... Na5 14. cxb6 axb6 15. Be4 $16)
14. Ng3 Rc8 15. Ne4 15... Nge7 $2 (15... Kf8 $18 $142) 1-0

[Event "ICS rated blitz match"]
[Site "204.178.125.65"]
[Date "1999.10.30"]
[Round "?"]
[White "cipolletti"]
[Black "Hossa"]
[Result "0-1"]
[WhiteElo "2184"]
[BlackElo "2486"]
[Annotator "Hiarcs 7.32 (22s)"]
[PlyCount "38"]
[EventDate "1999.??.??"]

1. d4 d5 2. Nf3 Bd7 3. Bf4 e6 4. e3 c5 5. c3 Be7 6. Bd3 Nf6 7. Nbd2 Nh5 8. Bg3
Nc6 9. Ne5 9... Nxg3 {Weiss kann nicht kurz rochieren. Schwarz zwingt den
Gegner mit starken Drohungen nieder} 10. hxg3 {Staerkt h4} 10... Nxe5 11. dxe5
11... Qc7 {Schwarz plant c4} 12. f4 $17 (12. Nf3 $5 $15 {ist zu beachten})
12... c4 13. Bc2 $19 (13. Be2 $5 $17) 13... Qb6 14. Kf2 Bc5 15. Re1 Qxb2 16.
Ba4 (16. Rb1 Qxc3 17. Rxb7 $19) 16... Bxa4 17. Qxa4+ b5 18. Qd1 (18. Qa6 18...
O-O $1 {ist die Ueberraschung!} 19. Rad1 19... Rfc8 $19) 18... Qxc3 19. Rc1 (
19. Nf3 {aendert nichts mehr} 19... O-O $19) 19... Qa3 (19... Qa3 20. Kf3 20...
Qd3 $19) 0-1

[Event "ICS rated blitz match"]
[Site "204.178.125.65"]
[Date "1999.10.30"]
[Round "?"]
[White "Hossa"]
[Black "Boado"]
[Result "1-0"]
[WhiteElo "2491"]
[BlackElo "2327"]
[Annotator "Hiarcs 7.32 (22s)"]
[PlyCount "63"]
[EventDate "1999.??.??"]

1. c4 Nf6 2. Nc3 d5 3. cxd5 Nxd5 4. Nf3 Nc6 5. d4 5... g6 $14 (5... Nxc3 6.
bxc3 e6 7. e4 $14) 6. e4 Nxc3 7. bxc3 {Ueberdeckt b4} 7... Bg4 8. Bf4 Bg7 9.
Bb5 O-O 10. O-O e5 11. Bxc6 11... bxc6 {
Schwarz entwickelt Drohungen in der offenen d-Linie} 12. dxe5 Qe7 13. Qd3 Bxf3
14. Qxf3 Bxe5 15. Bxe5 Qxe5 16. Rad1 Rad8 17. Qe3 Qa5 18. Rb1 18... Qa6 $14 (
18... Qxa2 19. Ra1 Qc4 20. Rxa7 $15) 19. Qh6 $15 (19. e5 $5 $14 {
ist zu ueberlegen}) 19... Rd3 20. Rfc1 (20. e5 Qxa2 21. Rb4 21... Rd7 $15)
20... Rfd8 21. h3 Qxa2 22. Ra1 22... Qb2 $11 {Isolierte Bauern sind verwundbar}
(22... Qe2 $5 $15) 23. Rxa7 Rd2 24. Rf1 Qxc3 25. Qf4 25... R8d6 $14 (25... Rc8
$5 $11) 26. Rxc7 $11 (26. e5 26... Rd7 $14) 26... Rf6 27. Qh6 {Droht Matt: Rc8}
27... Rd8 $14 (27... Rfd6 28. Qg5 Re6 29. Qh6 $11) 28. f3 $15 (28. Qc1 $5 {
kommt in Betracht} 28... Rd3 29. Qxc3 Rxc3 30. Rb1 $14) 28... c5 $4 $16 {
danach wendet sich das Blatt} (28... Qd4+ $142 {ist noch spielbar} 29. Kh1
29... Qe5 $15) 29. Rc1 Qd4+ 30. Kh1 Ra6 31. Qf4 {Droht Matt} 31... Ra2 $4 {
und es geht weiter bergab} (31... Rf8 $16 $142) 32. Qxf7+ (32. Qxf7+ Kh8 33.
Qxh7#) 1-0

[Event "ICS rated blitz match"]
[Site "204.178.125.65"]
[Date "1999.10.30"]
[Round "?"]
[White "Boado"]
[Black "Hossa"]
[Result "0-1"]
[WhiteElo "2247"]
[BlackElo "2492"]
[Annotator "Hiarcs 7.32 (22s)"]
[PlyCount "28"]
[EventDate "1999.??.??"]

1. e4 e5 2. Nf3 Nc6 3. d4 3... exd4 {
Schwarz entwickelt eine toedliche Initiative} 4. Nxd4 Bc5 5. Nb3 Be7 6. Nc3 Nf6
7. Bd3 d5 8. O-O dxe4 9. Nxe4 O-O 10. Qf3 $15 (10. Be3 $5 $11 {
sieht spielbar aus}) 10... Ne5 11. Qg3 Nxd3 12. Nxf6+ $17 (12. cxd3 12... Re8
$15) 12... Bxf6 13. Rd1 $4 $19 {vergroessert seine Probleme} (13. cxd3 $142
13... c6 14. Re1 $17) 13... Nxc1 14. Rxd8 (14. Raxc1 {ist noch eine Idee} 14...
Qe7 15. c3 $19) 14... Ne2+ (14... Ne2+ 15. Kf1 Nxg3+ 16. fxg3 16... Rxd8 $19)
0-1

[Event "ICS rated blitz match"]
[Site "204.178.125.65"]
[Date "1999.10.30"]
[Round "?"]
[White "Hossa"]
[Black "Boado"]
[Result "1-0"]
[WhiteElo "2493"]
[BlackElo "2207"]
[Annotator "Hiarcs 7.32 (22s)"]
[PlyCount "26"]
[EventDate "1999.??.??"]

1. c4 Nf6 2. Nc3 d5 3. cxd5 {Weiss fuehrt die Partie kraftvoll zu Ende} 3...
Nxd5 4. Nf3 Nc6 5. d4 5... Bf5 $14 (5... Nxc3 6. bxc3 Qd5 7. e3 $11) 6. Qb3
6... Nb6 $16 (6... Nxc3 7. bxc3 b6 8. e4 $14) 7. e4 7... Bg4 $18 (7... Bd7 $5
$16) 8. d5 8... Bxf3 $2 (8... Nb8 $142 9. Bb5+ 9... Bd7 $18) 9. dxc6 Bh5 (9...
Bg4 10. cxb7 10... Rb8 $18) 10. cxb7 Rb8 11. Qb5+ Qd7 (11... Nd7 {
holt die Kuh nicht vom Eis} 12. Qxh5 c6 13. Bc4 $18) 12. Qxh5 g6 13. Qc5 $1 {
entscheidend} 13... Rxb7 (13... e6 {ist vielleicht noch ein Schwindelversuch}
14. Qa5 14... Bg7 $18) 1-0

[Event "ICS rated blitz match"]
[Site "204.178.125.65"]
[Date "1999.10.30"]
[Round "?"]
[White "Hossa"]
[Black "Player"]
[Result "1-0"]
[WhiteElo "2494"]
[BlackElo "2175"]
[Annotator "Hiarcs 7.32 (22s)"]
[PlyCount "41"]
[EventDate "1999.??.??"]

1. c4 d6 2. d4 g6 3. Nf3 Bg7 4. Nc3 Nf6 5. Bg5 O-O 6. e4 Bg4 7. Be2 Nfd7 8. h3
Bxf3 9. Bxf3 c5 10. d5 {Weiss engt den Gegner ein} 10... Ne5 11. Be2 f6 12. Bh4
Nbd7 13. f4 Nf7 14. O-O 14... a6 {Befestigt b5} 15. Bd3 $14 (15. Qd2 15... Nh6
$16) 15... Qc7 16. Qf3 16... b5 {Spiel gegen die Bauernkette} 17. Qe2 $11 (17.
Bf2 $5 17... Rfb8 18. cxb5 $14) 17... b4 $14 {Raumgewinn} (17... g5 18. Bg3
gxf4 19. Bxf4 $14) 18. Nd1 Rfb8 19. Ne3 b3 20. a3 20... e5 $4 $18 (20... a5 $14
$142 {haette die Niederlage vermieden}) 21. dxe6 (21. dxe6 Nb6 22. exf7+ Qxf7
23. f5 $18) 1-0

[Event "ICS rated blitz match"]
[Site "204.178.125.65"]
[Date "1999.10.30"]
[Round "?"]
[White "PostModernist"]
[Black "Hossa"]
[Result "0-1"]
[WhiteElo "2694"]
[BlackElo "2498"]
[Annotator "Hiarcs 7.32 (22s)"]
[PlyCount "114"]
[EventDate "1999.??.??"]

1. c4 c6 2. e4 d5 3. cxd5 cxd5 4. exd5 Nf6 5. Nc3 Nxd5 6. Nf3 Nb4 7. Bb5+ N8c6
8. O-O a6 9. Qa4 Bd7 10. Bxc6 Nxc6 11. d4 g6 12. Qb3 Bg7 13. Qxb7 Ra7 14. Qb3
Bg4 15. Ne5 Nxe5 16. dxe5 Bxe5 17. Be3 Ra8 18. Qc4 h5 19. Qe4 Bg7 20. Bb6 Bf5
21. Qf3 Bg4 22. Qe3 Qd6 23. Rae1 Rc8 24. Ne4 Qd5 25. Bc5 Rc7 26. f3 $11 (26.
Qa3 h4 27. h3 27... Be6 $16) 26... Be6 27. b3 27... Rd7 $16 (27... Rxc5 $5 $142
{muss unbedingt geprueft werden} 28. Rd1 28... Bh6 $11) 28. Ng5 $11 (28. Qe2 $5
$16) 28... Bf5 29. g4 $17 (29. b4 $5 $142 {damit waere Weiss im Spiel geblieben
} 29... O-O 30. Re2 $11) 29... Bd3 $1 {bleibt am Druecker} 30. Rf2 Bf6 31. Nh3
$19 (31. Ne4 $5 $142 31... Bxe4 $1 {nicht am Material kleben ist die Devise}
32. fxe4 $17) 31... hxg4 32. Nf4 Qf5 33. fxg4 Qxg4+ 34. Rg2 Qh4 35. Nxd3 Rxd3
36. Qe2 Rh5 37. Bf2 Qh3 38. Qe4 a5 39. Qa8+ Rd8 40. Qe4 Kf8 41. Bb6 Rdd5 42.
Re3 $4 {Weiss bricht voellig ein} (42. Bc7 $19 $142) 42... Qd7 $1 {
kraeftig gespielt} 43. Ree2 (43. Kh1 {ist der letzte Strohhalm} 43... Qc6 44.
Bxa5 $19) 43... Qc6 (43... Rd1+ 44. Re1 Re5 45. Qxe5 Bxe5 46. Rxd1 Qxd1+ 47.
Kf2 Qc2+ 48. Kg1 Qb1+ 49. Kf2 Qxa2+ 50. Kg1 Qxb3 51. Ba7 Qd1+ 52. Kf2 Bd4+ 53.
Bxd4 Qxd4+ 54. Ke1 Qa1+ 55. Ke2 $19) 44. Bxa5 (44. Kh1 {nuetzt auch nichts mehr
} 44... Qxb6 45. Rg1 Qd4 46. Qxd4 46... Bxd4 $19) 44... Rhe5 45. Qg4 (45. Qxe5
45... Bxe5 $1 {Boing!} 46. Rxe5 Rxe5 47. Bd2 Qc5+ 48. Kf1 Rf5+ 49. Ke1 Qe5+ 50.
Kd1 Rf1+ 51. Kc2 Qe4+ 52. Kc3 Qxg2 53. Bh6+ Ke8 54. Kb4 Qxa2 55. Bg7 Qd2+ 56.
Bc3 Rf4+ 57. Ka5 Qxc3+ 58. Ka6 Qxb3 59. Ka5 Ra4#) 45... Rd1+ 46. Be1 Rxe1+ 47.
Rxe1 Rxe1+ 48. Kf2 48... Qc3 {Es droht Matt} 49. Qf4 49... Ra1 {Es droht Matt}
50. Qb8+ 50... Kg7 {Mit der Mattdrohung Rxa2} 51. Qa7 Bd4+ 52. Qxd4+ Qxd4+ 53.
Kg3 53... g5 $1 {macht alles klar} 54. Kf3 Qd3+ 55. Kg4 55... Kg6 $1 {
das war die Absicht} 56. Rf2 f5+ 57. Rxf5 Rg1# 0-1

[Event "ICS rated blitz match"]
[Site "204.178.125.65"]
[Date "1999.10.30"]
[Round "?"]
[White "Hossa"]
[Black "PostModernist"]
[Result "1-0"]
[WhiteElo "2522"]
[BlackElo "2670"]
[PlyCount "89"]
[EventDate "1999.??.??"]

1. c4 c5 2. Nf3 b6 3. e3 Nf6 4. d4 e6 5. Bd3 cxd4 6. exd4 Bb4+ 7. Nc3 Bb7 8. a3
Be7 9. O-O O-O 10. Re1 d5 11. cxd5 Nxd5 12. Ne5 Nd7 13. Nxd5 Bxd5 14. Nxd7 Qxd7
15. Bf4 Rac8 16. Qh5 g6 17. Qh6 Bf6 18. Be5 Bxe5 19. dxe5 Bxg2 20. Re3 Qd5 21.
Be2 Rc2 22. Rd1 Qb7 23. Re1 Bc6 24. b4 Qd7 25. Bd3 Rb2 26. Rh3 f5 27. Bc4 Rf7
28. Rd3 Qc8 29. Red1 Rf8 30. Rc1 Qe8 31. Rd6 Bd5 32. Rxd5 exd5 33. Bxd5+ Rf7
34. Rc7 Qd8 35. Bxf7+ Kh8 36. Bb3 Rb1+ 37. Kg2 Qa8+ 38. f3 Rb2+ 39. Kg3 f4+ 40.
Kxf4 g5+ 41. Qxg5 Qf8+ 42. Rf7 Qxf7+ 43. Bxf7 Rg2 44. Qxg2 a5 45. Qg8# {
PostModernist checkmated} 1-0